[Event "Voronezh Region-ch U20"]
[Site "Voronezh "]
[Date "2006.12.04"]
[Round "9"]
[White "Kalienko, Mikhail"]
[Black "Miroshnichenko, Dmitry"]
[Result "0-1"]
[WhiteElo "2045"]
[BlackElo "2077"]
[PlyCount "56"]
[EventDate "2006.12.02"]
[EventType "tourn"]
[EventRounds "11"]
[EventCountry "RUS"]
[SourceTitle "EXT 2008"]
[Source "ChessBase"]
[SourceDate "2007.11.25"]
[SourceVersion "1"]
[SourceVersionDate "2007.11.25"]
[SourceQuality "1"]

1. e4 c5 2. Nf3 d6 3. d4 cxd4 4. Nxd4 Nf6 5. Nc3 g6 6. Nb3 Bg7 7. Bd3 Nc6 8. Bg5 h6 9. Be3 Ng4 10. Bd2 0-0 11. h3 Nge5 12. f4 Nxd3+ 13. cxd3 Be6 14. Be3 d5 15. exd5 Bxd5 16. 0-0 Bxb3 17. axb3 a6 18. f5 Qd6 19. Ne4 Qe5 20. fxg6 f5 21. Qd2 fxe4 22. Bxh6 Qd4+ 23. Kh1 Qxd3 24. Rxf8+ Rxf8 25. Qg5 Rf1+ 26. Rxf1 Qxf1+ 27. Kh2 Be5+ 28. g3 Nd4 0-1

[Event "Voronezh Region-ch U20"]
[Site "Voronezh "]
[Date "2006.11.30"]
[Round "5"]
[White "Kalienko, Mikhail"]
[Black "Elfimov, Kirill"]
[Result "0-1"]
[WhiteElo "2045"]
[BlackElo "1976"]
[PlyCount "74"]
[EventDate "2006.12.02"]
[EventType "tourn"]
[EventRounds "11"]
[EventCountry "RUS"]
[SourceTitle "EXT 2008"]
[Source "ChessBase"]
[SourceDate "2007.11.25"]
[SourceVersion "1"]
[SourceVersionDate "2007.11.25"]
[SourceQuality "1"]

1. d4 Nf6 2. Bg5 c5 3. e3 Qb6 4. b3 Ne4 5. Bh4 Qb4+ 6. c3 Qa5 7. Bd3 d5 8. f3 Nf6 9. Ne2 cxd4 10. exd4 e6 11. 0-0 Be7 12. f4 Nc6 13. Nd2 Ne4 14. Bxe4 Bxh4 15. Bd3 a6 16. Nf3 Be7 17. Ne5 f6 18. Nxc6 bxc6 19. b4 Qc7 20. Nc1 0-0 21. Nb3 Bd6 22. Qd2 Bd7 23. Nc5 Bxc5 24. bxc5 e5 25. Rab1 e4 26. Be2 Rab8 27. Rb3 Rb7 28. Kf2 Bf5 29. Rfb1 Rfb8 30. R1b2 h5 31. Bxa6 Rxb3 32. axb3 Re8 33. Ke3 g5 34. Qf2 Qa5 35. fxg5 Qxc3+ 36. Kf4 e3 37. Qg3 Qxb2 0-1